[Event "Lindores Abbey Tal Blitz 2021"]
[Site "Riga"]
[Date "2021.11.08"]
[Round "17.50"]
[White "Divya Deshmukh"]
[Black "Dzagnidze, Nana"]
[Result "0-1"]
[WhiteElo "2310"]
[BlackElo "2524"]
[Annotator "ChessBase"]
[PlyCount "120"]
[EventDate "2021.11.02"]
[EventType "swiss"]
[EventCountry "LAT"]
[SourceTitle "playchess.com"]
[Source "ChessBase"]
[SourceQuality "1"]

1. d4 d5 2. c4 e6 3. Nc3 c6 4. Nf3 dxc4 5. a4 Bb4 6. e3 Nf6 7. Bxc4 c5 8. O-O
O-O 9. dxc5 Bxc5 10. Qe2 Nc6 11. Rd1 Qe7 12. e4 Ng4 13. Rf1 b6 14. Bf4 Bb7 15.
h3 Nf6 16. Rfd1 Rfd8 17. Bg5 h6 18. Bh4 g5 19. Nxg5 hxg5 20. Bxg5 Ne5 21. Kh1
Rxd1+ 22. Rxd1 Rd8 23. Rf1 Nxc4 24. Qxc4 Bd4 25. Ne2 e5 26. f4 Bxe4 27. fxe5
Qb7 28. Nxd4 Bxg2+ 29. Kg1 Bxf1 30. Kxf1 Qh1+ 31. Ke2 Qg2+ 32. Kd3 Qxg5 33.
exf6 Qxf6 34. Kc3 Qh6 35. Qe2 Qxh3+ 36. Kc4 Qd7 37. Nf3 Qd5+ 38. Kb4 a5+ 39.
Ka3 Qc5+ 40. Ka2 Qd5+ 41. b3 Qd3 42. Qg2+ Kf8 43. Qf2 Rd6 44. Qh2 Re6 45. Qh8+
Ke7 46. Qh4+ Ke8 47. Qh8+ Ke7 48. Qh4+ Kd7 49. Qg4 Qc2+ 50. Ka3 Qc5+ 51. Ka2
Kc7 52. Qf4+ Kc8 53. Qg4 Kb8 54. Qg8+ Qc8 55. Qg3+ Ka7 56. Nd4 Rg6 57. Nb5+ Ka6
58. Qf2 Qc6 59. Qxf7 Rg2+ 60. Kb1 Qc2+ 0-1

[Event "Lindores Abbey Tal Blitz 2021"]
[Site "Riga"]
[Date "2021.11.08"]
[Round "17.51"]
[White "Maltsevskaya, Aleksandra"]
[Black "Padmini, Rout"]
[Result "1/2-1/2"]
[WhiteElo "2411"]
[BlackElo "2353"]
[Annotator "NA"]
[PlyCount "136"]
[EventDate "2021.11.02"]
[EventType "swiss"]
[EventCountry "LAT"]
[SourceTitle "playchess.com"]
[Source "ChessBase"]
[SourceQuality "1"]

1. e4 c5 2. Nf3 Nc6 3. d4 cxd4 4. Nxd4 g6 5. c4 Bg7 6. Be3 Nf6 7. Nc3 O-O 8. f3
d6 9. Qd2 Bd7 10. Be2 Nxd4 11. Bxd4 a5 12. O-O Bc6 13. b3 Nd7 14. Kh1 Bxd4 15.
Qxd4 Qb6 16. Qd2 a4 17. Rab1 axb3 18. axb3 Qb4 19. Rfd1 Rfc8 20. Nd5 Qxd2 21.
Rxd2 Bxd5 22. exd5 Ra3 23. h4 Rca8 24. Rbb2 Nc5 25. Bd1 Ra1 26. Kh2 R8a3 27.
Kg3 Rc1 28. Bc2 Na6 29. b4 Kf8 30. h5 Rc3 31. Bd3 Kg7 32. hxg6 hxg6 33. Kf2 Kf6
34. Ke3 Ra3 35. Kd4 Nc7 36. c5 e5+ 37. dxe6 Nxe6+ 38. Ke3 dxc5 39. Kf2 c4 40.
Rdc2 c3 41. Ra2 Rxc2+ 42. Rxc2 Nd4 43. Rc1 Nb3 44. Rxc3 Ra2+ 45. Kg3 Nd4 46.
Rc7 b5 47. Rc5 Rb2 48. Bxb5 Rxb4 49. Bc4 Ne6 50. Rc6 Ke5 51. Bxe6 fxe6 52. Rc5+
Kf6 53. Ra5 Rb2 54. Kh3 Rc2 55. g4 g5 56. Kg3 Rb2 57. Ra8 Rc2 58. Rf8+ Kg6 59.
Re8 Kf6 60. Rd8 Ra2 61. Rd3 Kg6 62. f4 gxf4+ 63. Kxf4 Ra4+ 64. Kf3 Kg5 65. Re3
Rf4+ 66. Ke2 Rf6 67. Re4 Rf4 68. Rxe6 Kxg4 1/2-1/2

[Event "Lindores Abbey Tal Blitz 2021"]
[Site "Riga"]
[Date "2021.11.08"]
[Round "17.52"]
[White "Vantika Agrawal"]
[Black "Muzychuk, Mariya"]
[Result "0-1"]
[WhiteElo "2329"]
[BlackElo "2536"]
[Annotator "ChessBase"]
[PlyCount "76"]
[EventDate "2021.11.02"]
[EventType "swiss"]
[EventCountry "LAT"]
[SourceTitle "playchess.com"]
[Source "ChessBase"]
[SourceQuality "1"]

1. d4 d5 2. c4 c6 3. Nf3 Nf6 4. e3 Bg4 5. h3 Bxf3 6. Qxf3 e6 7. Bd3 Bb4+ 8. Nc3
Nbd7 9. O-O Bxc3 10. bxc3 O-O 11. cxd5 exd5 12. a4 Re8 13. c4 Ne4 14. Qe2 Ndf6
15. a5 dxc4 16. Bxc4 Nd5 17. Qc2 Qd7 18. Ba3 Re6 19. Bd3 Rae8 20. Rfe1 f5 21.
f3 Nd6 22. e4 fxe4 23. fxe4 Nf4 24. Bxd6 Rxd6 25. Bc4+ Kh8 26. Rf1 Ng6 27. Rf7
Re7 28. Raf1 Rxf7 29. Rxf7 Qd8 30. Rxb7 Rxd4 31. Qb3 Rd1+ 32. Bf1 Qd4+ 33. Kh2
Qd6+ 34. Kg1 Qd4+ 35. Kh2 Rxf1 36. Rb8+ Rf8 37. Rxf8+ Nxf8 38. Qb8 Kg8 0-1

[Event "Lindores Abbey Tal Blitz 2021"]
[Site "Riga"]
[Date "2021.11.08"]
[Round "17.53"]
[White "Arabidze, Meri"]
[Black "Sukandar, Irine Kharisma"]
[Result "0-1"]
[WhiteElo "2441"]
[BlackElo "2406"]
[Annotator "NA"]
[PlyCount "100"]
[EventDate "2021.11.02"]
[EventType "swiss"]
[EventCountry "LAT"]
[SourceTitle "playchess.com"]
[Source "ChessBase"]
[SourceQuality "1"]

1. Nf3 Nf6 2. g3 b5 3. e3 a6 4. Bg2 Bb7 5. O-O g6 6. b3 Bg7 7. Bb2 O-O 8. c4 c5
9. Nc3 Qb6 10. d3 d5 11. cxd5 Nxd5 12. Nxd5 Bxd5 13. Bxg7 Kxg7 14. Rc1 Nd7 15.
Qe2 Rac8 16. Rfd1 Rfd8 17. h4 h5 18. e4 Bb7 19. Qb2+ Kg8 20. Ng5 Qf6 21. Qe2
Ne5 22. Bh3 e6 23. f4 Nc6 24. e5 Nd4 25. Qf2 Qe7 26. Bg2 Bd5 27. Bxd5 exd5 28.
b4 Nf5 29. bxc5 d4 30. Ne4 Ne3 31. Re1 Qe6 32. Nd6 Rc7 33. a3 Qd5 34. Rxe3 dxe3
35. Qxe3 a5 36. d4 b4 37. axb4 axb4 38. f5 Ra7 39. e6 fxe6 40. Qxe6+ Qxe6 41.
fxe6 b3 42. Rb1 Rb8 43. d5 b2 44. c6 Ra1 45. c7 Rxb1+ 46. Kg2 Ra8 47. c8=Q+
Rxc8 48. Nxc8 Re1 49. d6 b1=Q 50. d7 Qe4+ 0-1

[Event "Lindores Abbey Tal Blitz 2021"]
[Site "Riga"]
[Date "2021.11.08"]
[Round "17.54"]
[White "Zawadzka, Jolanta"]
[Black "Girya, Olga"]
[Result "1/2-1/2"]
[WhiteElo "2429"]
[BlackElo "2402"]
[Annotator "NA"]
[PlyCount "138"]
[EventDate "2021.11.02"]
[EventType "swiss"]
[EventCountry "LAT"]
[SourceTitle "playchess.com"]
[Source "ChessBase"]
[SourceQuality "1"]

1. e4 e5 2. Nf3 Nc6 3. Nc3 Nf6 4. d4 exd4 5. Nxd4 Bb4 6. Nxc6 bxc6 7. Bd3 O-O
8. O-O d5 9. exd5 cxd5 10. h3 c6 11. Qf3 Bd6 12. Bf4 Qc7 13. Ne2 Re8 14. Bxd6
Qxd6 15. Rfe1 Bd7 16. Ng3 c5 17. b3 g6 18. Nf1 Kg7 19. Rad1 d4 20. Qg3 Qxg3 21.
Nxg3 a5 22. Nf1 a4 23. Nd2 axb3 24. axb3 Bc6 25. Nc4 Rxe1+ 26. Rxe1 Re8 27. Ra1
Rc8 28. Ra7 Ne8 29. Ne5 Bd5 30. Nd7 Be6 31. Nb6 Rc6 32. Nc4 Bxc4 33. Bxc4 Nd6
34. Bd3 c4 35. bxc4 Nxc4 36. Rd7 Rd6 37. Re7 Nb2 38. Rb7 Nxd3 39. cxd3 Kf6 40.
Rb5 h5 41. g3 Ke6 42. Kg2 Rc6 43. Rb4 Ke5 44. Rb5+ Ke6 45. Rb4 Kd5 46. Rb7 f5
47. Kf3 Rc3 48. Ke2 Rc2+ 49. Ke1 Ke5 50. Rb6 g5 51. Rh6 Rc1+ 52. Kd2 Ra1 53.
Rxh5 Ra2+ 54. Ke1 Ra1+ 55. Ke2 Ra2+ 56. Kf3 Kf6 57. Rh6+ Ke5 58. Rg6 Rd2 59.
Rxg5 Rxd3+ 60. Ke2 Ra3 61. Rg8 Ra2+ 62. Kf3 Ra3+ 63. Ke2 Ra2+ 64. Ke1 Ke4 65.
Rf8 d3 66. Rd8 Ra1+ 67. Kd2 Ra2+ 68. Ke1 Ra1+ 69. Kd2 Ra2+ 1/2-1/2

[Event "Lindores Abbey Tal Blitz 2021"]
[Site "Riga"]
[Date "2021.11.08"]
[Round "17.55"]
[White "Eizaguerri Floris, Maria"]
[Black "Melia, Salome"]
[Result "0-1"]
[WhiteElo "2328"]
[BlackElo "2371"]
[Annotator "NA"]
[PlyCount "102"]
[EventDate "2021.11.02"]
[EventType "swiss"]
[EventCountry "LAT"]
[SourceTitle "playchess.com"]
[Source "ChessBase"]
[SourceQuality "1"]

1. e4 c5 2. Nf3 Nc6 3. d4 cxd4 4. Nxd4 Nf6 5. Nc3 e5 6. Ndb5 d6 7. Nd5 Nxd5 8.
exd5 Nb8 9. a4 Be7 10. Be2 O-O 11. O-O a6 12. Na3 Nd7 13. Nc4 Nb6 14. Nxb6 Qxb6
15. a5 Qc7 16. Be3 f5 17. c4 Qd7 18. b4 f4 19. Bb6 e4 20. f3 e3 21. c5 Qf5 22.
c6 Qg5 23. Kh1 Rf6 24. g3 fxg3 25. Rg1 Rh6 26. Rxg3 Qxg3 27. Qg1 Qxg1+ 28. Rxg1
Rh5 29. Bxe3 Rxd5 30. Bc4 bxc6 31. Bxd5+ cxd5 32. Bd4 g6 33. Rc1 Bf5 34. Rc7
Kf7 35. Rb7 Bd3 36. Kg2 Ke6 37. Kf2 h5 38. Ke3 Bb5 39. Rc7 Bg5+ 40. f4 Be7 41.
Kf3 Rf8 42. Kg3 g5 43. fxg5 Bxg5 44. Rg7 Bf4+ 45. Kh4 Be5 46. Bxe5 dxe5 47.
Kxh5 d4 48. Rg2 d3 49. Rd2 e4 50. Kg4 e3 51. Rd1 d2 0-1

[Event "Lindores Abbey Tal Blitz 2021"]
[Site "Riga"]
[Date "2021.11.08"]
[Round "17.56"]
[White "Martynov, Aleksandr"]
[Black "Badelka, Olga"]
[Result "0-1"]
[WhiteElo "1648"]
[BlackElo "2438"]
[Annotator "NA"]
[PlyCount "48"]
[EventDate "2021.11.02"]
[EventType "swiss"]
[EventCountry "LAT"]
[SourceTitle "playchess.com"]
[Source "ChessBase"]
[SourceQuality "1"]

1. d4 d5 2. Nf3 Nf6 3. c4 dxc4 4. Nc3 a6 5. a4 e6 6. e3 c5 7. Bxc4 Nc6 8. dxc5
Qxd1+ 9. Nxd1 Bxc5 10. O-O O-O 11. Nc3 Rd8 12. e4 Na5 13. Ba2 Bb4 14. Bg5 h6
15. Bxf6 gxf6 16. Rac1 Bd7 17. b3 Rac8 18. Ne2 Bc6 19. Ng3 Rd3 20. Rb1 Rc3 21.
Nd4 Be8 22. Rb2 e5 23. Nde2 Rc2 24. Rfb1 Bd7 0-1

[Event "Lindores Abbey Tal Blitz 2021"]
[Site "Riga"]
[Date "2021.11.08"]
[Round "17.57"]
[White "Bivol, Alina"]
[Black "Buksa, Nataliya"]
[Result "0-1"]
[WhiteElo "2377"]
[BlackElo "2410"]
[Annotator "NA"]
[PlyCount "92"]
[EventDate "2021.11.02"]
[EventType "swiss"]
[EventCountry "LAT"]
[SourceTitle "playchess.com"]
[Source "ChessBase"]
[SourceQuality "1"]

1. e4 c5 2. Nf3 Nc6 3. Bb5 g6 4. O-O Bg7 5. Re1 e5 6. c3 Nge7 7. b3 O-O 8. Bb2
a6 9. Bf1 d5 10. exd5 Nxd5 11. d4 exd4 12. cxd4 Bg4 13. Be2 Nf4 14. h3 Nxe2+
15. Qxe2 Bxf3 16. Qxf3 Nxd4 17. Bxd4 Bxd4 18. Nc3 Qf6 19. Qxf6 Bxf6 20. Rac1
Rac8 21. Nd5 Kg7 22. Nb6 Rc7 23. Nd5 Rc6 24. b4 c4 25. a4 b5 26. axb5 axb5 27.
f4 Bd4+ 28. Kh2 Rd8 29. Nc3 Bxc3 30. Rxc3 Rd5 31. Re7 Rf5 32. Kg3 h5 33. Kf3
Rd6 34. g4 hxg4+ 35. hxg4 Rfd5 36. Rb7 Ra6 37. Re3 Rf6 38. Re4 Rd3+ 39. Ke2 Ra6
40. Rxb5 Ra2+ 41. Kf1 c3 42. Rc5 Rh3 43. Kg1 Rg3+ 44. Kf1 Rf3+ 45. Kg1 Rb2 46.
Rec4 Rd3 0-1

[Event "Lindores Abbey Tal Blitz 2021"]
[Site "Riga"]
[Date "2021.11.08"]
[Round "17.58"]
[White "Arakhamia-Grant, Ketevan"]
[Black "Atalik, Ekaterina"]
[Result "1/2-1/2"]
[WhiteElo "2362"]
[BlackElo "2430"]
[Annotator "NA"]
[PlyCount "70"]
[EventDate "2021.11.02"]
[EventType "swiss"]
[EventCountry "LAT"]
[SourceTitle "playchess.com"]
[Source "ChessBase"]
[SourceQuality "1"]

1. e4 c6 2. d4 d5 3. Nc3 dxe4 4. Nxe4 Bf5 5. Ng3 Bg6 6. h4 h6 7. Nf3 e6 8. h5
Bh7 9. Bd3 Bxd3 10. Qxd3 Nf6 11. Bd2 Be7 12. O-O-O O-O 13. Kb1 c5 14. Be3 cxd4
15. Nxd4 Nc6 16. Nxc6 bxc6 17. Qxd8 Rfxd8 18. Rxd8+ Bxd8 19. f3 Bc7 20. Ne2 Nd5
21. Bd2 Bb6 22. g4 Rd8 23. b3 f6 24. c4 Nc7 25. Bc3 e5 26. Kc2 Ne6 27. Ng3 Bd4
28. Bd2 Kf7 29. Ne4 c5 30. Rd1 Rd7 31. a3 Rc7 32. Kd3 Rd7 33. Kc2 Rc7 34. Kd3
Rd7 35. Kc2 Rc7 1/2-1/2

[Event "Lindores Abbey Tal Blitz 2021"]
[Site "Riga"]
[Date "2021.11.08"]
[Round "17.59"]
[White "Rogule, Laura"]
[Black "Golsta, Madara"]
[Result "0-1"]
[WhiteElo "2289"]
[BlackElo "2003"]
[Annotator "NA"]
[PlyCount "66"]
[EventDate "2021.11.02"]
[EventType "swiss"]
[EventCountry "LAT"]
[SourceTitle "playchess.com"]
[Source "ChessBase"]
[SourceQuality "1"]

1. c4 c5 2. Nc3 g6 3. g3 Bg7 4. Bg2 Nc6 5. e4 d6 6. Nge2 e6 7. d3 Nge7 8. O-O
O-O 9. a3 b6 10. Rb1 Bb7 11. b4 cxb4 12. axb4 Rc8 13. d4 a5 14. Ba3 axb4 15.
Bxb4 Nxb4 16. Rxb4 Ba6 17. Qa4 Nc6 18. Rbb1 Na5 19. c5 dxc5 20. d5 Bxc3 21.
Nxc3 Bxf1 22. Bxf1 exd5 23. Nxd5 Rb8 24. Qa1 f6 25. Qc3 Nc6 26. Bc4 Kh8 27. f4
Nd4 28. Qe3 b5 29. Bf1 Re8 30. Bg2 Qxd5 31. Qd3 Qc4 32. Qd1 Ne2+ 33. Kh1 Nc3
0-1

[Event "Lindores Abbey Tal Blitz 2021"]
[Site "Riga"]
[Date "2021.11.08"]
[Round "18.1"]
[White "Shevchenko, Kirill"]
[Black "Martirosyan, Haik M."]
[Result "1-0"]
[WhiteElo "2647"]
[BlackElo "2624"]
[Annotator "TA"]
[PlyCount "93"]
[EventDate "2021.11.02"]
[EventType "swiss"]
[EventCountry "LAT"]
[SourceTitle "playchess.com"]
[Source "ChessBase"]
[SourceQuality "1"]

1. e4 e5 2. Nf3 Nc6 3. Bb5 Nf6 4. O-O Nxe4 5. Re1 Nd6 6. Ba4 Be7 7. Nc3 O-O 8.
d4 e4 9. Ne5 a6 10. Bf4 Na5 11. Nxe4 Nxe4 12. Rxe4 d6 13. Nd3 Bf5 14. Re2 b5
15. Bb3 Nxb3 16. axb3 Bf6 17. Nb4 Bg4 18. f3 Be6 19. d5 Bd7 20. Rxa6 Rxa6 21.
Nxa6 Bxb2 22. Nb4 Bf6 23. h3 Qa8 24. Kh2 h6 25. Qd3 Qa1 26. Nc6 Ra8 27. Qxb5
Qd1 28. Qd3 Qb1 29. Bd2 Bxc6 30. dxc6 Qa1 31. c3 Qa2 32. Bg5 Be5+ 33. f4 hxg5
34. fxe5 Qxb3 35. exd6 cxd6 36. Qxd6 Qxc3 37. Qd7 Kh7 38. Qf5+ Kg8 39. Qd7 Kh7
40. c7 Kg6 41. Qd6+ f6 42. Qd7 Kh6 43. Qf7 Qc5 44. g4 Qd6+ 45. Kg2 Qc6+ 46. Kh2
Ra1 47. Qh5# 1-0

[Event "Lindores Abbey Tal Blitz 2021"]
[Site "Riga"]
[Date "2021.11.08"]
[Round "18.2"]
[White "Caruana, Fabiano"]
[Black "Aronian, Levon"]
[Result "1/2-1/2"]
[WhiteElo "2791"]
[BlackElo "2782"]
[Annotator "TA"]
[PlyCount "61"]
[EventDate "2021.11.02"]
[EventType "swiss"]
[EventCountry "LAT"]
[SourceTitle "playchess.com"]
[Source "ChessBase"]
[SourceQuality "1"]

1. e4 e5 2. Nf3 Nc6 3. Nc3 Nf6 4. Bb5 Nd4 5. Nxd4 exd4 6. e5 dxc3 7. exf6 Qxf6
8. dxc3 c6 9. Bd3 d5 10. Be3 Bd6 11. Qh5 g6 12. Qh6 Bf8 13. Qf4 Qxf4 14. Bxf4
Be6 15. Be5 Rg8 16. a4 a5 17. O-O-O Bc5 18. Bd4 Bxd4 19. cxd4 Ke7 20. Rde1 Kd6
21. h4 Rae8 22. h5 Bd7 23. Rxe8 Rxe8 24. Kd2 b6 25. f3 c5 26. dxc5+ bxc5 27. b3
Re5 28. hxg6 hxg6 29. Rh7 Re7 30. Rh8 Re8 31. Rxe8 1/2-1/2

[Event "Lindores Abbey Tal Blitz 2021"]
[Site "Riga"]
[Date "2021.11.08"]
[Round "18.3"]
[White "Erigaisi Arjun"]
[Black "Korobov, Anton"]
[Result "1-0"]
[WhiteElo "2627"]
[BlackElo "2684"]
[Annotator "TA"]
[PlyCount "51"]
[EventDate "2021.11.02"]
[EventType "swiss"]
[EventCountry "LAT"]
[SourceTitle "playchess.com"]
[Source "ChessBase"]
[SourceQuality "1"]

1. d4 Nf6 2. c4 g6 3. Nc3 Bg7 4. e4 d6 5. Be2 O-O 6. Bg5 Na6 7. f4 c6 8. Qd2
Nc7 9. Bf3 Ne6 10. Bh4 Rb8 11. e5 Ne8 12. Nge2 dxe5 13. fxe5 f6 14. d5 cxd5 15.
Nxd5 g5 16. Bf2 f5 17. Bxa7 Ra8 18. Bb6 Qd7 19. g4 fxg4 20. Bxg4 Kh8 21. h4 Qc6
22. b3 Bxe5 23. hxg5 Bxa1 24. g6 Nf6 25. Qh6 Rxa2 26. Qxh7+ 1-0

[Event "Lindores Abbey Tal Blitz 2021"]
[Site "Riga"]
[Date "2021.11.08"]
[Round "18.4"]
[White "Xiong, Jeffery"]
[Black "Sevian, Samuel"]
[Result "1/2-1/2"]
[WhiteElo "2687"]
[BlackElo "2668"]
[Annotator "RC"]
[PlyCount "62"]
[EventDate "2021.11.02"]
[EventType "swiss"]
[EventCountry "LAT"]
[SourceTitle "playchess.com"]
[Source "ChessBase"]
[SourceQuality "1"]

1. Nf3 Nf6 2. d4 d5 3. Bf4 Bf5 4. c4 e6 5. Qb3 Nc6 6. Nbd2 Rb8 7. e3 Bd6 8.
Bxd6 Qxd6 9. Be2 O-O 10. O-O Na5 11. Qc3 Nxc4 12. Nxc4 dxc4 13. Qxc4 Be4 14.
Rfc1 Bxf3 15. Bxf3 c6 16. b4 e5 17. dxe5 Qxe5 18. Rab1 a6 19. a4 Rbc8 20. g3
Rfd8 21. b5 axb5 22. axb5 Qf5 23. Qf4 Qxf4 24. gxf4 Nd5 25. bxc6 bxc6 26. Rb7
Kf8 27. Rc5 Ne7 28. h4 Rb8 29. Ra7 Ra8 30. Rb7 Rab8 31. Ra7 Ra8 1/2-1/2

[Event "Lindores Abbey Tal Blitz 2021"]
[Site "Riga"]
[Date "2021.11.08"]
[Round "18.5"]
[White "Vachier-Lagrave, Maxime"]
[Black "Nihal Sarin"]
[Result "1-0"]
[WhiteElo "2766"]
[BlackElo "2650"]
[Annotator "TA"]
[PlyCount "75"]
[EventDate "2021.11.02"]
[EventType "swiss"]
[EventCountry "LAT"]
[SourceTitle "playchess.com"]
[Source "ChessBase"]
[SourceQuality "1"]

1. e4 e5 2. Nf3 Nc6 3. Bb5 a6 4. Ba4 Bc5 5. c3 Nge7 6. d4 exd4 7. cxd4 Bb4+ 8.
Nc3 d5 9. e5 Bg4 10. h3 Bxf3 11. gxf3 O-O 12. Qd3 Ng6 13. h4 Ncxe5 14. dxe5 d4
15. Qe4 b5 16. Bc2 f5 17. exf6 Re8 18. Bb3+ Kh8 19. Kf1 Rxe4 20. fxg7+ Kxg7 21.
Nxe4 Qf8 22. Rh3 Qf5 23. Rg3 Bd6 24. Nxd6 cxd6 25. Kg2 Kh8 26. Bg5 h6 27. h5
hxg5 28. hxg6 Kg7 29. Re1 Rf8 30. Re4 d3 31. Rd4 Rf6 32. Bd5 Qe5 33. Rxd3 Rxg6
34. Be4 Rf6 35. Rd5 Qxb2 36. Rdxg5+ Kf8 37. Bd5 Qd4 38. Rg8+ 1-0

[Event "Lindores Abbey Tal Blitz 2021"]
[Site "Riga"]
[Date "2021.11.08"]
[Round "18.6"]
[White "Navara, David"]
[Black "Mamedov, Rauf"]
[Result "1-0"]
[WhiteElo "2699"]
[BlackElo "2673"]
[Annotator "TA"]
[PlyCount "102"]
[EventDate "2021.11.02"]
[EventType "swiss"]
[EventCountry "LAT"]
[SourceTitle "playchess.com"]
[Source "ChessBase"]
[SourceQuality "1"]

1. e4 c5 2. Nf3 d6 3. Bb5+ Nc6 4. O-O Bd7 5. Re1 a6 6. Bf1 Nf6 7. c3 Bg4 8. h3
Bxf3 9. Qxf3 g6 10. d3 Bg7 11. Be3 O-O 12. Nd2 Nd7 13. Qd1 b5 14. Nf3 Nb6 15.
d4 cxd4 16. cxd4 Nc4 17. Bxc4 bxc4 18. Qa4 Rc8 19. Rac1 d5 20. exd5 Qxd5 21.
Rxc4 Nb8 22. Rec1 Rxc4 23. Qxc4 Qb7 24. b3 e6 25. Bf4 Nd7 26. Qc6 Qxc6 27. Rxc6
Ra8 28. Rc7 Nf6 29. Be5 Nd5 30. Rd7 f6 31. Bd6 a5 32. Nd2 a4 33. b4 Nc3 34. a3
Nb5 35. Nc4 Nxd4 36. Bc5 Nb5 37. Rb7 Nc3 38. Nb6 Rd8 39. Nd7 f5 40. Be7 Rc8 41.
Bf6 Ne4 42. Bxg7 Rc1+ 43. Kh2 Kxg7 44. Nc5+ Kf6 45. Nxe4+ fxe4 46. Ra7 Rc2 47.
Kg1 Rc1+ 48. Kh2 Rc2 49. Rxa4 Rxf2 50. b5 Ke5 51. b6 Rf8 1-0

[Event "Lindores Abbey Tal Blitz 2021"]
[Site "Riga"]
[Date "2021.11.08"]
[Round "18.7"]
[White "Fedoseev, Vladimir"]
[Black "Onyshchuk, Volodymyr"]
[Result "1-0"]
[WhiteElo "2704"]
[BlackElo "2622"]
[Annotator "TA"]
[PlyCount "101"]
[EventDate "2021.11.02"]
[EventType "swiss"]
[EventCountry "LAT"]
[SourceTitle "playchess.com"]
[Source "ChessBase"]
[SourceQuality "1"]

1. e4 d6 2. d4 g6 3. g3 Bg7 4. Bg2 Nc6 5. Ne2 e5 6. c3 Nf6 7. O-O O-O 8. h3 a5
9. Be3 Bd7 10. d5 Ne7 11. c4 Ne8 12. Nbc3 f5 13. Qd2 fxe4 14. Nxe4 Nf6 15.
Nxf6+ Bxf6 16. g4 b6 17. Be4 Kh8 18. f3 Nf5 19. gxf5 gxf5 20. Bc2 f4 21. Bf2
Bxh3 22. Kh2 Bxf1 23. Rxf1 Bh4 24. Qe1 Bxf2 25. Qxf2 Qf6 26. Qg2 Qh6+ 27. Qh3
Qxh3+ 28. Kxh3 Rg8 29. Bf5 Raf8 30. Be6 Rg5 31. Nc3 Rf6 32. Bg4 h5 33. Kh4 Rg7
34. Bh3 Rfg6 35. Ne4 Rg1 36. Rxg1 Rxg1 37. Nf6 Rb1 38. b3 Rb2 39. Bd7 Rxa2 40.
Kxh5 Rg2 41. Ne4 Kg7 42. Ba4 Kf7 43. Kh4 Ke7 44. Kh3 Rg1 45. Kh4 Rd1 46. Kg4
Rd3 47. Nf2 Re3 48. Ne4 Kf7 49. Ng5+ Ke7 50. Ne6 c5 51. dxc6 1-0

[Event "Lindores Abbey Tal Blitz 2021"]
[Site "Riga"]
[Date "2021.11.08"]
[Round "18.9"]
[White "Pichot, Alan"]
[Black "Svidler, Peter"]
[Result "0-1"]
[WhiteElo "2630"]
[BlackElo "2694"]
[Annotator "TA"]
[PlyCount "92"]
[EventDate "2021.11.02"]
[EventType "swiss"]
[EventCountry "LAT"]
[SourceTitle "playchess.com"]
[Source "ChessBase"]
[SourceQuality "1"]

1. e4 c5 2. Nf3 e6 3. d4 cxd4 4. Nxd4 a6 5. Bd3 Bc5 6. Nb3 Be7 7. Qg4 g6 8. Qe2
d6 9. a4 b6 10. Na3 Nd7 11. Nc4 Bb7 12. Bf4 Qc7 13. O-O Ngf6 14. h3 O-O 15. Bh2
Rac8 16. Ncd2 b5 17. axb5 axb5 18. c3 b4 19. cxb4 Qb6 20. b5 d5 21. e5 Nh5 22.
Kh1 Ng7 23. Na5 Nc5 24. Nxb7 Qxb7 25. Bc2 Rb8 26. b4 Nd7 27. Bd3 Bxb4 28. Rfb1
Bc5 29. Nf3 Bb6 30. Qd2 Rfc8 31. Qh6 Rc3 32. Rd1 Rbc8 33. Bf4 Rxd3 34. Rxd3 Nf5
35. Qg5 Bd8 36. Qg4 h5 37. Qxf5 gxf5 38. Nd4 h4 39. Rb3 Nc5 40. Rc3 Ne4 41.
Rxc8 Qxc8 42. Nc6 Kh7 43. Ra7 Kg7 44. Kg1 Bb6 45. Ra6 Bxf2+ 46. Kh1 Qb7 0-1

[Event "Lindores Abbey Tal Blitz 2021"]
[Site "Riga"]
[Date "2021.11.08"]
[Round "18.10"]
[White "Hovhannisyan, Robert"]
[Black "Sargissian, Gabriel"]
[Result "0-1"]
[WhiteElo "2622"]
[BlackElo "2664"]
[Annotator "TA"]
[PlyCount "60"]
[EventDate "2021.11.02"]
[EventType "swiss"]
[EventCountry "LAT"]
[SourceTitle "playchess.com"]
[Source "ChessBase"]
[SourceQuality "1"]

1. e4 e5 2. Nf3 Nc6 3. Bc4 Nf6 4. d3 Bc5 5. c3 d6 6. O-O a6 7. Bb3 O-O 8. h3 h6
9. Nbd2 Ba7 10. Re1 Re8 11. Nf1 Be6 12. Bc2 d5 13. Qe2 Qd7 14. Ng3 Rad8 15. Nh2
Ne7 16. Qf3 Nh7 17. Bb3 Ng6 18. Be3 d4 19. cxd4 Bxb3 20. axb3 Bxd4 21. Bxd4
Qxd4 22. Rac1 c6 23. Rc3 Ng5 24. Qe3 Nf4 25. Qxd4 exd4 26. Rc4 Nxd3 27. Re2 Ne5
28. Rc1 Ne6 29. Rd2 d3 30. Nf5 Nf4 0-1

[Event "Lindores Abbey Tal Blitz 2021"]
[Site "Riga"]
[Date "2021.11.08"]
[Round "18.11"]
[White "Matlakov, Maxim"]
[Black "Petrosyan, Manuel"]
[Result "0-1"]
[WhiteElo "2691"]
[BlackElo "2599"]
[Annotator "TA"]
[PlyCount "62"]
[EventDate "2021.11.02"]
[EventType "swiss"]
[EventCountry "LAT"]
[SourceTitle "playchess.com"]
[Source "ChessBase"]
[SourceQuality "1"]

1. e4 e5 2. Nf3 Nc6 3. Nc3 Nf6 4. d4 exd4 5. Nxd4 Bb4 6. Nxc6 bxc6 7. Bd3 d5 8.
Bd2 O-O 9. O-O Bxc3 10. Bxc3 dxe4 11. Bxf6 Qxf6 12. Bxe4 Qxb2 13. Bxc6 Rb8 14.
Rb1 Qxb1 15. Qxb1 Rxb1 16. Rxb1 g6 17. h4 Kg7 18. Kh2 Rd8 19. Kg3 Rd6 20. Be4
Ra6 21. Rb2 Be6 22. Rb7 c5 23. Rc7 c4 24. Kf4 Rxa2 25. Ke5 h5 26. Kd4 Ra1 27.
g3 a5 28. Ra7 a4 29. Kc3 a3 30. Kd2 c3+ 31. Kxc3 a2 0-1

[Event "Lindores Abbey Tal Blitz 2021"]
[Site "Riga"]
[Date "2021.11.08"]
[Round "18.13"]
[White "Dreev, Aleksey"]
[Black "Sarana, Alexey"]
[Result "0-1"]
[WhiteElo "2635"]
[BlackElo "2656"]
[Annotator "TA"]
[PlyCount "84"]
[EventDate "2021.11.02"]
[EventType "swiss"]
[EventCountry "LAT"]
[SourceTitle "playchess.com"]
[Source "ChessBase"]
[SourceQuality "1"]

1. d4 Nf6 2. Nf3 d5 3. Bg5 Ne4 4. Bf4 c5 5. e3 Qb6 6. Qc1 cxd4 7. exd4 Bf5 8.
c3 Nd7 9. Na3 e6 10. Nc2 Be7 11. Be2 Rc8 12. Ne3 Bg6 13. h4 h5 14. Ng5 Ndf6 15.
Be5 O-O 16. Nh3 Nd7 17. Bh2 Bxh4 18. O-O Bf6 19. Rd1 h4 20. Ng4 Be7 21. Nf4 Bh7
22. Bd3 Bg5 23. Qc2 Ndf6 24. Ne5 Bf5 25. Nf3 Bxf4 26. Bxf4 h3 27. Nh4 hxg2 28.
Kxg2 Nh5 29. Bh2 Qd8 30. Nxf5 exf5 31. Rg1 Qh4 32. Rh1 Rc6 33. Bg3 Qg4 34. Rh4
Qg5 35. Rah1 Nexg3 36. fxg3 Qxg3+ 37. Kf1 Qf3+ 38. Ke1 Re8+ 39. Be2 Rce6 40.
R1h2 g6 41. Kd1 Qg3 42. Rxh5 gxh5 0-1

[Event "Lindores Abbey Tal Blitz 2021"]
[Site "Riga"]
[Date "2021.11.08"]
[Round "18.14"]
[White "Deac, Bogdan-Daniel"]
[Black "Adly, Ahmed"]
[Result "0-1"]
[WhiteElo "2651"]
[BlackElo "2602"]
[Annotator "TA"]
[PlyCount "68"]
[EventDate "2021.11.02"]
[EventType "swiss"]
[EventCountry "LAT"]
[SourceTitle "playchess.com"]
[Source "ChessBase"]
[SourceQuality "1"]

1. d4 Nf6 2. Nf3 e6 3. c4 Bb4+ 4. Bd2 a5 5. g3 O-O 6. Bg2 d5 7. Qc2 Ne4 8. O-O
Nc6 9. Rd1 f5 10. Nc3 Bxc3 11. bxc3 dxc4 12. Bf4 Ne7 13. Ne5 Nd6 14. Bc1 Nd5
15. a4 b6 16. Ba3 Ba6 17. Rab1 Rf6 18. Bc1 Rf8 19. Bd2 Qe8 20. e3 Nf7 21. e4
Nxe5 22. exd5 Nd3 23. Bf4 Nxf4 24. gxf4 Bb7 25. Re1 Rf6 26. Re5 Qg6 27. Kh1 Qh5
28. h3 Bxd5 29. Rxd5 exd5 30. Bxd5+ Kh8 31. Kh2 Re8 32. Qd2 Re2 33. Qd1 Rxf2+
34. Kg3 Re2 0-1